000 01053nam a22002537a 4500
003 OSt
005 20230913094654.0
008 230913s2019 mx a|||frm||| 001 0 spa d
040 _aCHAP
090 _aTesis
100 1 _9187937
_aVelazquez Serrano, Cynthia Berenice
245 _aModelos alométricos para estimar la biomasa aérea de opuntia ficus-indica (Cactaceae) /
_cpor Cynthia Berenice Velázquez Serrano ; director de tesis Juan Antonio Reyes Agüero.
264 _aSan Luis Potosí :
_bEl autor,
_c2019.
300 _a51 hojas.
_bcuadros, figuras.
336 _atexto
_2rdacontenido
337 _asinmedio
_2rdamedia
338 _avolumen
_2rdacarrier
502 _aTesis (Ingeniera Ambienta) .--Universidad Autónoma San Luis Potosí.Facultad de Ingeniería.
504 _aIncluye referencias bibliográficas : páginas 45-51.
650 7 _9187938
_aOpuntia ficus indica
_xFisiología y morfología
650 2 _9132073
_aBiomasa
_xMedición
700 0 _996735
_aReyes Agüero, Juan Antonio
_eDirector de tesis.
942 _2local
_cTESIS
999 _c219147
_d219147